[Event "Urals-ch"]
[Site "Khanty-Mansiysk"]
[Date "2021.03.17"]
[Round "7"]
[White "Novikov, Victor1111"]
[Black "Nadezhkin, Vladislav"]
[Result "0-1"]
[WhiteElo "1459"]
[BlackElo "1496"]
[PlyCount "82"]
[EventDate "2021.03.11"]
[EventType "swiss"]
[EventRounds "9"]
[EventCountry "RUS"]
[SourceTitle "CBM 201 Extra"]
[Source "ChessBase"]
[SourceDate "2021.05.31"]
[SourceVersion "1"]
[SourceVersionDate "2021.05.31"]
[SourceQuality "1"]

1. e4 c5 2. Nf3 Nc6 3. d4 cxd4 4. Nxd4 Nf6 5. Nc3 g6 6. Be2 Bg7 7. Be3 0-0 8. Qd2 Qa5 9. Nb3 Qe5 10. f4 Qb8 11. e5 Ne8 12. 0-0-0 d6 13. exd6 Nxd6 14. Nd4 Nxd4 15. Bxd4 Be6 16. Bxg7 Kxg7 17. h4 h5 18. Rhg1 Nf5 19. g3 Rd8 20. Bd3 Nd4 21. Qe3 Bg4 22. Rdf1 e6 23. Rf2 Qd6 24. Re1 Nf5 25. Bxf5 Bxf5 26. Rd2 Qxd2+ 27. Qxd2 Rxd2 28. Kxd2 Rd8+ 29. Kc1 f6 30. Ne2 g5 31. hxg5 fxg5 32. fxg5 Kg6 33. Nf4+ Kxg5 34. Nxe6+ Bxe6 35. Rxe6 Kf5 36. Re3 Kg4 37. c4 Rf8 38. b4 Rf3 39. Re2 Rc3+ 40. Rc2 Rxc2+ 41. Kxc2 Kxg3 0-1